Statistics for Sky Full of Song Lyrics (Florence + the Machine)

Click here to take the quiz!

General Stats

  • This quiz has been taken 109 times
  • The average score is 333 of 371

Answer Stats

Lyrics% Correct
a
100%
I
100%
of
100%
so
100%
the
100%
full
99%
me
99%
my
99%
sky
99%
song
99%
to
99%
too
97%
you
97%
and
96%
be
96%
I'm
96%
in
96%
it
96%
can
94%
from
94%
when
94%
your
94%
but
93%
could
93%
LA
93%
now
93%
where
93%
are
91%
feel
91%
for
91%
good
91%
take
91%
at
90%
down
90%
hear
90%
hold
90%
I've
90%
tired
90%
was
90%
way
90%
were
90%
been
88%
by
88%
couldn't
88%
father
88%
oh
88%
out
88%
what
88%
across
87%
anger
87%
causing
87%
friend
87%
heart
87%
kissing
87%
late
87%
leave
87%
screaming
87%
such
87%
told
87%
always
85%
awake
85%
How
85%
scene
85%
sea
85%
staying
85%
strangers
85%
thunder
85%
anyone
84%
careful
84%
darling
84%
flying
84%
hide
84%
lie
84%
or
84%
still
84%
want
84%
you've
84%
badly
82%
break
82%
deeply
82%
grab
82%
long
82%
seem
82%
sleeping
82%
takes
82%
away
81%
far
81%
ones
81%
ankles
79%
cannot
79%
seen
79%
that
79%
like
78%
walk
78%
aim
76%
city
76%
keeps
76%
maybe
76%
music
76%
play
76%
raining
76%
starts
76%
things
76%
dying
75%
room
75%
begins
73%
seasons
73%
tell
73%
trouble
73%
without
73%
about
72%
sway
72%
arrow
70%
fall
70%
thought
70%
tonight
70%
unimaginable
70%
sirens
69%
hides
66%
(shoot
64%
shoot
64%
shoot)
64%
(fire)
58%

Score Distribution

Percentile by Number Answered

Percent of People with Each Score

Your Score History

You have not taken this quiz